000 00596nam a2200229Ia 4500
003 OSt
005 20220925220832.0
006 a|||||r|||| 00| 0
007 ta
008 220923b |||||||| |||| 00| 0 eng d
037 _cGeneral Book
040 _aRTL
_cRTL
_beng
041 _2eng
_aeng
082 _aV2y7M78, K2
100 _aFelton Morica
_9285387
245 0 _aI meet Rajaji
260 _aLondon
_bMacmillan India
_c1962
300 _a193p.
_ccm.
650 _aIndian History
942 _hV2y7M78, K2
_cGB
_2CC
999 _c572615
_d572615